000 00217nam a2200085Ia 4500
245 0 _aIndia in pictures
100 _a Engfer, Lee London, 2003
_9102410
942 _cBK
008 210818s9999 xx 000 0 und d
999 _c445338
_d445338